| Tag |
First Indicator |
Second Indicator |
Subfields |
| LEADER |
00000cam a2200000 a 4500 |
| 001 |
in00005743721 |
| 005 |
20260326175732.3 |
| 006 |
m o d |
| 007 |
cr bn||||||ada |
| 008 |
100630s1990 enka ob 101 0 eng d |
| 010 |
|
|
|z 89072170
|
| 040 |
|
|
|a OCLCE
|b eng
|e pn
|c OCLCE
|d OCLCQ
|d OCLCF
|d OCLCO
|d OPELS
|d OCL
|d OCLCO
|d OCLCQ
|d STF
|d VLY
|d LUN
|d OCLCQ
|d COM
|d OCLCO
|d OCLCQ
|d OCLCO
|d OCLCL
|d OCLCQ
|d OCLCL
|d OCLCO
|d COA
|d OCLCA
|d OCLCL
|d OCLCQ
|
| 019 |
|
|
|a 297242232
|a 974619574
|a 974662633
|a 988556667
|a 1162312496
|a 1340091675
|a 1489606227
|
| 020 |
|
|
|a 0080357431
|q (electronic bk.)
|
| 020 |
|
|
|a 9780080357430
|q (electronic bk.)
|
| 020 |
|
|
|a 1483298876
|
| 020 |
|
|
|a 9781483298870
|
| 024 |
8 |
|
|a (WaSeSS)ssj0001266480
|
| 035 |
|
|
|a (OCoLC)645351953
|z (OCoLC)297242232
|z (OCoLC)974619574
|z (OCoLC)974662633
|z (OCoLC)988556667
|z (OCoLC)1162312496
|z (OCoLC)1340091675
|z (OCoLC)1489606227
|
| 042 |
|
|
|a dlr
|
| 050 |
|
4 |
|a TA167
|b .I33 1989a
|
| 082 |
0 |
4 |
|a 620.8/2
|2 20
|
| 084 |
|
|
|a 05.10
|2 bcl
|
| 084 |
|
|
|a 30.10
|2 bcl
|
| 049 |
|
|
|a TXAM
|
| 111 |
2 |
|
|a IFAC/IFIP/IFORS/IEA Conference on Analysis, Design, and Evaluation of Man-Machine Systems
|n (4th :
|d 1989 :
|c Xi'an, Shaanxi Sheng, China)
|
| 245 |
1 |
0 |
|a Analysis, design, and evaluation of man-machine systems, 1989 :
|b selected papers from the Fourth IFAC/IFIP/IFORS/IEA Conference, Xi'an, People's Republic of China, 12-14 September 1989 /
|c edited by Baosheng Hu.
|
| 250 |
|
|
|a 1st ed.
|
| 260 |
|
|
|a Oxford ;
|a New York :
|b Published for the International Federation of Automatic Control by Pergamon Press,
|c 1990.
|
| 300 |
|
|
|a 1 online resource (xi, 179 pages) :
|b illustrations
|
| 336 |
|
|
|a text
|b txt
|2 rdacontent
|
| 337 |
|
|
|a computer
|b c
|2 rdamedia
|
| 338 |
|
|
|a online resource
|b cr
|2 rdacarrier
|
| 347 |
|
|
|a text file
|2 rdaft
|0 http://rdaregistry.info/termList/fileType/1002.
|
| 490 |
1 |
|
|a IFAC symposia series ;
|v 1990, no. 11
|
| 538 |
|
|
|a Master and use copy. Digital master created according to Benchmark for Faithful Digital Reproductions of Monographs and Serials, Version 1. Digital Library Federation, December 2002.
|u http://purl.oclc.org/DLF/benchrepro0212
|5 MiAaHDL
|
| 583 |
1 |
|
|a digitized
|c 2010
|h HathiTrust Digital Library
|l committed to preserve
|2 pda
|5 MiAaHDL
|
| 588 |
0 |
|
|a Print version record.
|
| 520 |
|
|
|a The twenty-seven papers cover recent advances in both empirical and theoretical aspects of man-machine interaction with special emphasis on the subjects of man-automation and man-computer interaction. They provide information on a subject which has grown rapidly in importance during recent years.
|
| 504 |
|
|
|a REFERENCESPART II: DECISION SUPPORT SYSTEMS; CHAPTER 2. A HIERARCHICAL ANALYSIS MODEL FOR MULTIOBJECTIVE DECISIONMAKING; INTRODUCTION; THE CONCEPT OF PD AND ITS ROLES; A HIERARCHICAL MODEL FOR ANALYZING PDs; SYNTHETICAL ANALYSIS METHOD FOR MULTIPLE FACTORS; AN APPLICATION; References; CHAPTER 3. ANALYSIS AND EVALUATION OF DECISION AIDS IN ORGANIZATIONS1; INTRODUCTION; MODELING FRAMEWORK; AN EXPERT SYSTEM MODEL USING PREDICATE TRANSITION NETS; AN EXPERT SYSTEM FOR FUSION OF INCONSISTENT INFORMATION; RESULTS AND INTERPRETATION; CONCLUSION; REFERENCES
|
| 504 |
|
|
|a Includes bibliographical references at the end of each chapters and indexes.
|
| 505 |
0 |
|
|a Front Cover; Analysis, Design and Evaluation of Man-Machine Systems 1989; Copyright Page; 4th IFAC/IFIP/IFORS/IEA CONFERENCE ON ANALYSIS, DESIGN AND EVALUATION OF MAN-MACHINE SYSTEMS; PREFACE; ACKNOWLEDGMENTS; Table of Contents; PART I: PLENARY PAPER I; CHAPTER 1. KNOWLEDGE ENGINEERING FOR INDUSTRIAL EXPERT SYSTEMS; INTRODUCTION; THE TERMINOLOGY OF KNOWLEDGE ENGINEERING; KNOWLEDGE ENGINEERING IN INDUSTRIAL SYSTEMS; TECHNIQUES FOR KNOWLEDGE ACQUISITION; BOTTOM-UP OR TOP-DOWN?; A COGNITIVE TASK ANALYSIS APPROACH; KNOWLEDGE ACQUISITION TOOLS; ELICITATION EXAMPLES; INDUCTION EXAMPLES; CONCLUSIONS
|
| 505 |
8 |
|
|a CHAPTER 4. MULTIOBJECTIVE DECISION SUPPORT SYSTEM FOR MANPOWER PLANNING1. Introduction; 2. Essential· Constitution of MODSSMP; 3. The Models in MODSS; A Interactive Way to Build Model; 5.A Interactive Multiobiective Decision Support Approach; 6. Concluation; References; PART III: SUPERVISORY CONTROL AND MODELLING; CHAPTER 5. ON THE MODELLING OF PLANNING AND SUPERVISORY BEHAVIOUR OF THE NAVIGATOR; INTRODUCTION; BACKGROUND; STATEMENT OF THE PROBLEM; SOLVING THE GENERALIZED LINEAR DISCRETE-TIME OPTIMAL REGULATOR PROBLEM; IMPLEMENTATION OF THE PLANNING AND CONTROL MODEL; EXPERIMENTAL SET-UP
|
| 505 |
8 |
|
|a RESULTSCONCLUDING REMARKS; REFERENCES; CHAPTER 6. TWO APPROACHES FOR MAN-COMPUTER COOPERATION IN SUPERVISORY TASKS; INTRODUCTION; APPROACHES FOR MAN-COMPUTER COOPERATION; VERTICAL COOPERATION BETWEEN MAN AND COMPUTER; HORIZONTAL COOPERATION BETWEEN MAN AND COMPUTER : DYNAMIC TASK ALLOCATION PRINCIPLES; EXPERIMENTS AND RESULTS; CONCLUSION AND PERSPECTIVES; REFERENCES; CHAPTER 7. THE SYSTEM RESPONSE ANALYSER: A METHODOLOGY FOR MAN-MACHINE INTERACTION ANALYSIS; INTRODUCTION; SIMULATION METHODOLOGY: THE SYSTEM RESPONSE ANALYSER; THE DRIVER OF THE SYSTEM RESPONSE ANALYSER
|
| 505 |
8 |
|
|a THE HUMAN MODEL IN THE CONTEXT OF SRACONCLUSIONS; REFERENCES; PART IV: KNOWLEDGE-BASED SYSTEMS; CHAPTER 8. KNOWLEDGE ACQUISITION IN FERTILIZATION EXPERT SYSTEMS BUILDING TOOL; INTRODUCTION; OVERVIEW OF FEST; KNOWLEDGE REPRESENTATION AND KNOWLEDGE BASE; KNOWLEDGE ACQUISITION; EXPLANATION FACILITY; APPLICATION; CONCLUSION; REFERENCES; CHAPTER 9 . THE APPLICATION OF EXPERT SYSTEMS TO WRITING OPERATION TICKETS OF A SUBSTATION; INTRODUCTION; BRIEF INTRODUCTION OF EXPERT SYSTEMS; OUR TICKET EXPERT SYSTEM'S FUNCTIONS, STRUCTURE AND PRINCIPLE; CONCLUSION; THE RUNNING OF THE SYSTEM; REFERENCES
|
| 546 |
|
|
|a English.
|
| 650 |
|
0 |
|a Human-machine systems
|v Congresses.
|
| 650 |
|
6 |
|a Systèmes homme-machine
|v Congrès.
|
| 650 |
|
7 |
|a Human-machine systems
|2 fast
|
| 650 |
|
7 |
|a Mensch-Maschine-System
|2 gnd
|
| 651 |
|
7 |
|a Xi'an <1989>
|2 swd
|
| 653 |
|
|
|a Man-machine systems
|
| 655 |
|
7 |
|a Electronic books.
|2 local
|
| 655 |
|
2 |
|a Congress
|
| 655 |
|
7 |
|a proceedings (reports)
|2 aat
|
| 655 |
|
7 |
|a Conference papers and proceedings
|2 fast
|
| 655 |
|
7 |
|a Conference papers and proceedings.
|2 lcgft
|
| 655 |
|
7 |
|a Actes de congrès.
|2 rvmgf
|
| 700 |
1 |
|
|a Hu, Baosheng.
|
| 710 |
2 |
|
|a ScienceDirect (Online service)
|
| 710 |
2 |
|
|a International Federation of Automatic Control.
|1 https://id.oclc.org/worldcat/entity/E39QQPVp7TpwMVccP94JvbW6Wt
|
| 776 |
0 |
8 |
|i Print version:
|a IFAC/IFIP/IFORS/IEA Conference on Analysis, Design, and Evaluation of Man-Machine Systems (4th : 1989 : Xi'an, Shaanxi Sheng, China).
|t Analysis, design, and evaluation of man-machine systems, 1989.
|b 1st ed.
|d Oxford ; New York : Published for the International Federation of Automatic Control by Pergamon Press, 1990
|w (DLC) 89072170
|w (OCoLC)20894672
|
| 830 |
|
0 |
|a IFAC symposia series ;
|v 1990, no. 11.
|
| 856 |
4 |
0 |
|u http://proxy.library.tamu.edu/login?url=https://www.sciencedirect.com/science/book/9780080357430
|z Connect to the full text of this electronic book
|t 0
|
| 955 |
|
|
|a Elsevier ScienceDirect 2026-2027
|
| 994 |
|
|
|a 92
|b TXA
|
| 999 |
f |
f |
|i dcf631ce-43a3-4bc2-b8c4-7396b8fb2e0e
|s e9222ee5-45b8-47a3-8180-eb23e29e0848
|t 0
|
| 952 |
f |
f |
|a Texas A&M University
|b College Station
|c Electronic Resources
|s www_evans
|d Available Online
|t 0
|e TA167 .I33 1989a
|h Library of Congress classification
|
| 998 |
f |
f |
|a TA167 .I33 1989a
|t 0
|l Available Online
|